Đánh giá tác động của môi trường Giáo trình cho ngành Môi trường và ngành Quản lý đất đai
Các chỉ thị, chỉ số môi trường và lập kế hoạch đánh giá tác động môi trường. Trình tự thực hiện, các phương pháp dùng đánh giá tác động môi trường. Mẫu đề cương đánh giá môi trường và một số đánh giá môi trường ở Việt Nam; TM t...
Guardado en:
| Autor principal: | |
|---|---|
| Formato: | Libro |
| Lenguaje: | Undetermined |
| Publicado: |
H.
[k.x.đ], 2005
|
| Materias: | |
| Acceso en línea: | http://lrc.tdmu.edu.vn/opac/search/detail.asp?aID=2&ID=28049 |
| Etiquetas: |
Agregar Etiqueta
Sin Etiquetas, Sea el primero en etiquetar este registro!
|
| Thư viện lưu trữ: | Trung tâm Học liệu Trường Đại học Thủ Dầu Một |
|---|
| LEADER | 01126nam a2200205Ia 4500 | ||
|---|---|---|---|
| 001 | TDMU_28049 | ||
| 008 | 210410s9999 xx 000 0 und d | ||
| 082 | |a 378.199 | ||
| 090 | |b NG527 | ||
| 100 | |a Nguyễn, Đình Mạnh | ||
| 245 | 0 | |a Đánh giá tác động của môi trường | |
| 245 | 0 | |b Giáo trình cho ngành Môi trường và ngành Quản lý đất đai | |
| 245 | 0 | |c Nguyễn Đình Mạnh | |
| 260 | |a H. | ||
| 260 | |b [k.x.đ], 2005 | ||
| 300 | |a 165 tr | ||
| 520 | |a Các chỉ thị, chỉ số môi trường và lập kế hoạch đánh giá tác động môi trường. Trình tự thực hiện, các phương pháp dùng đánh giá tác động môi trường. Mẫu đề cương đánh giá môi trường và một số đánh giá môi trường ở Việt Nam; TM tài liệu tham khảo tr. 164 | ||
| 650 | |a Môi trường |x Đánh giá | ||
| 856 | |u http://lrc.tdmu.edu.vn/opac/search/detail.asp?aID=2&ID=28049 | ||
| 980 | |a Trung tâm Học liệu Trường Đại học Thủ Dầu Một | ||